| 000 | 00941cam a22002893i 4500 | ||
|---|---|---|---|
| 999 |
_c10069 _d10069 |
||
| 001 | 13584682 | ||
| 003 | OSt | ||
| 005 | 20191230141418.0 | ||
| 008 | 040506s1981 enka d 000 0 eng | ||
| 010 | _a 96845346 | ||
| 020 | _a9780333576939 | ||
| 020 | _a 9781403949684 | ||
| 020 | _a0333576936 | ||
| 020 | _a1403949689 | ||
| 040 |
_aDLC _cDLC |
||
| 050 | 0 | 0 |
_aHB61 _b.M212 1981 |
| 082 | _a330.0321 | ||
| 245 | 0 | 4 |
_aThe Macmillan dictionary of modern economics / _c[general editor] David W. Pearce. |
| 246 | 1 | 8 | _aDictionary of modern economics |
| 260 |
_aLondon : _bMacmillan Press, _c1981. |
||
| 300 |
_a473 p. : _bill. ; _c25 cm. |
||
| 650 | 0 |
_aEconomics _vDictionaries. |
|
| 700 | 1 |
_aPearce, David W. _q(David William) _9815 |
|
| 906 |
_a0 _bcbc _cpremver _du _encip _f19 _gy-gencatlg |
||
| 942 |
_2ddc _cREF _h330.0321 _iPEA/M _k330.0321 _mPEA/M |
||